[Event "SUI-chT"]
[Site "Switzerland"]
[Date "2019.10.19"]
[Round "8.6"]
[White "Moor, Olivier"]
[Black "Martins, David Pires Tavares"]
[Result "1/2-1/2"]
[WhiteElo "2341"]
[BlackElo "2420"]
[PlyCount "127"]
[EventDate "2019.03.10"]
[EventType "team-tourn"]
[EventRounds "9"]
[EventCountry "SUI"]
[SourceTitle "CBM 192 Extra"]
[Source "Chessbase"]
[SourceDate "2019.11.06"]
[SourceVersion "1"]
[SourceVersionDate "2019.11.06"]
[SourceQuality "1"]
[WhiteTeam "Wollishofen"]
[BlackTeam "Reti"]
[WhiteTeamCountry "SUI"]
[BlackTeamCountry "SUI"]

1. d4 d6 2. c4 e5 3. Nc3 exd4 4. Qxd4 Nc6 5. Qd2 g6 6. b3 Bg7 7. Bb2 Nf6 8. g3 0-0 9. Nh3 Bf5 10. Bg2 Ne5 11. 0-0 Ned7 12. e4 Bxh3 13. Bxh3 Re8 14. f3 a5 15. Kg2 Nc5 16. Rad1 h5 17. Rfe1 Nh7 18. Kh1 h4 19. Nd5 Bxb2 20. Qxb2 hxg3 21. hxg3 c6 22. Nf4 Qg5 23. Kg2 Rad8 24. Rd4 Qe5 25. Red1 Ng5 26. R4d2 Qxb2 27. Rxb2 Nxh3 28. Nxh3 Kf8 29. Rbd2 Ke7 30. Nf2 Rh8 31. f4 f6 32. Re2 Ke6 33. Nh3 Rhe8 34. Kf3 Kf7 35. Nf2 Re7 36. Red2 Rde8 37. Rxd6 Nxe4 38. Nxe4 Rxe4 39. Rd7+ R8e7 40. Rxe7+ Rxe7 41. Rd8 Re8 42. Rd4 Ke6 43. c5 Rh8 44. Ra4 Kd5 45. Rxa5 f5 46. Ra7 Rh7 47. b4 Kc4 48. a3 Rd7 49. Kf2 Rd2+ 50. Kf3 Rd7 51. Kg2 Re7 52. Ra8 Kb3 53. g4 Re3 54. Kf2 Rd3 55. gxf5 gxf5 56. Ra7 Kc4 57. Kg2 Rb3 58. Rxb7 Rxa3 59. Rb6 Kd5 60. b5 cxb5 61. Rxb5 Rc3 62. c6+ Ke4 63. Rb4+ Kd5 64. Rb5+ 1/2-1/2

[Event "SUI-chT"]
[Site "Switzerland"]
[Date "2018.09.09"]
[Round "7.5"]
[White "Froewis, Georg"]
[Black "Moor, Olivier"]
[Result "1/2-1/2"]
[WhiteElo "2419"]
[BlackElo "2313"]
[PlyCount "67"]
[EventDate "2018.03.25"]
[EventType "team-tourn"]
[EventRounds "9"]
[EventCountry "SUI"]
[SourceTitle "EXT 2019"]
[Source "ChessBase"]
[SourceDate "2018.10.10"]
[SourceVersion "1"]
[SourceVersionDate "2018.10.10"]
[SourceQuality "1"]
[WhiteTeam "Luzern"]
[BlackTeam "Wollishofen"]
[WhiteTeamCountry "SUI"]
[BlackTeamCountry "SUI"]

1. Nf3 e6 2. c4 b6 3. g3 Bb7 4. Bg2 f5 5. 0-0 Nf6 6. d3 a5 7. Nc3 Bb4 8. Qc2 0-0 9. b3 Na6 10. Bb2 Qe8 11. e3 Qh5 12. Qe2 Be7 13. Nd4 Qxe2 14. Ncxe2 Bxg2 15. Kxg2 a4 16. Nc2 axb3 17. axb3 Nc5 18. Nc1 Rxa1 19. Bxa1 c6 20. f3 b5 21. d4 Nb7 22. c5 g5 23. Bc3 g4 24. f4 Ne4 25. Ne2 Ra8 26. Ra1 Rxa1 27. Nxa1 Bf6 28. b4 d6 29. Nb3 dxc5 30. bxc5 Kf7 31. Be1 Bd8 32. Nec1 Bc7 33. Nd3 Ke8 34. Kf1 1/2-1/2

[Event "SUI-chT"]
[Site "Switzerland"]
[Date "2018.09.08"]
[Round "6.7"]
[White "Moor, Olivier"]
[Black "Patuzzo, Fabrizio"]
[Result "1-0"]
[WhiteElo "2313"]
[BlackElo "2358"]
[PlyCount "145"]
[EventDate "2018.03.25"]
[EventType "team-tourn"]
[EventRounds "9"]
[EventCountry "SUI"]
[SourceTitle "EXT 2019"]
[Source "ChessBase"]
[SourceDate "2018.10.10"]
[SourceVersion "1"]
[SourceVersionDate "2018.10.10"]
[SourceQuality "1"]
[WhiteTeam "Wollishofen"]
[BlackTeam "Mendrisio"]
[WhiteTeamCountry "SUI"]
[BlackTeamCountry "SUI"]

1. d4 d5 2. c4 c6 3. Nf3 Nf6 4. Nbd2 g6 5. e3 Bg7 6. Be2 0-0 7. 0-0 a6 8. b3 b5 9. Ba3 Re8 10. cxd5 cxd5 11. Rc1 Bb7 12. Ne5 Ne4 13. Nxe4 dxe4 14. Qc2 f6 15. Qc7 Bd5 16. Qxd8 Rxd8 17. Ng4 Nc6 18. f3 f5 19. Nf2 Rac8 20. fxe4 fxe4 21. Bg4 Rb8 22. Rc5 Kh8 23. Rfc1 Rb6 24. Kf1 Rd6 25. Ke2 h5 26. Bh3 b4 27. Bb2 Nd8 28. Rc7 Bf6 29. g3 Kg7 30. Bg2 Re6 31. R1c5 Bc6 32. Rc8 Nb7 33. Rc2 g5 34. g4 h4 35. Rb8 a5 36. Ke1 Kf7 37. Bf1 Bb5 38. Bxb5 Rxb5 39. Rc7 Nd6 40. Rxb5 Nxb5 41. Rc5 Rb6 42. Nxe4 Kg6 43. Nd2 Rb8 44. Nc4 h3 45. Ke2 e6 46. Rc6 Kf7 47. Ra6 Bd8 48. Ne5+ Kg8 49. Rxe6 Rc8 50. Nc6 Bc7 51. d5 Kh7 52. Be5 Bxe5 53. Rxe5 Nc3+ 54. Kd2 Nxa2 55. Nxa5 Rc5 56. Nc4 Nc3 57. e4 Kg6 58. Ke3 Rxc4 59. Re6+ Kf7 60. bxc4 b3 61. Rb6 b2 62. e5 b1Q 63. Rxb1 Nxb1 64. Kd3 Ke7 65. c5 Na3 66. c6 Kd8 67. d6 Kc8 68. Kd4 Nc2+ 69. Kc5 Ne3 70. e6 Nxg4 71. d7+ Kc7 72. e7 Nf6 73. d8Q# 1-0

[Event "SUI-chT"]
[Site "Switzerland"]
[Date "2018.06.10"]
[Round "4.6"]
[White "Jenni, Florian"]
[Black "Moor, Olivier"]
[Result "1-0"]
[WhiteElo "2439"]
[BlackElo "2313"]
[PlyCount "65"]
[EventDate "2018.03.25"]
[EventType "team-tourn"]
[EventRounds "9"]
[EventCountry "SUI"]
[SourceTitle "EXT 2019"]
[Source "ChessBase"]
[SourceDate "2018.10.10"]
[SourceVersion "1"]
[SourceVersionDate "2018.10.10"]
[SourceQuality "1"]
[WhiteTeam "Winterthur"]
[BlackTeam "Wollishofen"]
[WhiteTeamCountry "SUI"]
[BlackTeamCountry "SUI"]

1. e4 e6 2. d4 d5 3. Nc3 Bb4 4. e5 c5 5. a3 Bxc3+ 6. bxc3 Ne7 7. h4 b6 8. Bb5+ Bd7 9. Bd3 Qc7 10. h5 Ba4 11. h6 cxd4 12. Kf1 g6 13. cxd4 Nd7 14. Bg5 Nc6 15. Qg4 a6 16. Qf4 f6 17. Bxf6 0-0 18. Rh4 Nxf6 19. exf6 Qd8 20. Nf3 Rxf6 21. Qg5 Bb5 22. Rf4 Rf8 23. Rxf8+ Qxf8 24. Re1 Bxd3+ 25. cxd3 Re8 26. Rc1 Rc8 27. Qe3 Qd6 28. Ne5 Rc7 29. Ng4 Rf7 30. g3 Kf8 31. Ne5 Nxe5 32. Rc8+ Ke7 33. Qg5+ 1-0

[Event "Zuerich op-A 41st"]
[Site "Zuerich"]
[Date "2017.12.29"]
[Round "6"]
[White "Moor, Olivier"]
[Black "Palozza, Christian"]
[Result "1-0"]
[WhiteElo "2316"]
[BlackElo "2133"]
[PlyCount "83"]
[EventDate "2017.12.26"]
[EventType "swiss"]
[EventRounds "7"]
[EventCountry "SUI"]
[SourceTitle "EXT 2019"]
[Source "ChessBase"]
[SourceDate "2018.10.10"]
[SourceVersion "1"]
[SourceVersionDate "2018.10.10"]
[SourceQuality "1"]

1. d4 e6 2. c4 b6 3. a3 Bb7 4. Nc3 f5 5. d5 Bd6 6. g3 Nf6 7. Bg2 0-0 8. Nf3 Qe8 9. 0-0 Qh5 10. e4 Nxe4 11. Nxe4 fxe4 12. Ng5 Qxd1 13. Rxd1 exd5 14. cxd5 Be5 15. Nxe4 g6 16. Ra2 a5 17. b3 Na6 18. d6 Bc6 19. dxc7 Nxc7 20. Be3 Rab8 21. Nd6 b5 22. Rc2 Bxg2 23. Kxg2 Ne6 24. Rd5 Bxd6 25. Rxd6 Rb7 26. Rcd2 Rc8 27. Rxd7 Rxd7 28. Rxd7 Rc3 29. Re7 Nc7 30. Bd4 Rd3 31. Rg7+ Kf8 32. Rxc7 Rxd4 33. Rc5 b4 34. Rxa5 bxa3 35. Rxa3 Rb4 36. Kf1 h5 37. h4 Ke7 38. Ke2 Ke6 39. Kd3 Rb5 40. Kc4 Rf5 41. Ra6+ Kf7 42. f4 1-0

[Event "Zuerich op-A 41st"]
[Site "Zuerich"]
[Date "2017.12.27"]
[Round "3"]
[White "Pikula, Dejan"]
[Black "Moor, Olivier"]
[Result "1-0"]
[WhiteElo "2454"]
[BlackElo "2316"]
[PlyCount "61"]
[EventDate "2017.12.26"]
[EventType "swiss"]
[EventRounds "7"]
[EventCountry "SUI"]
[SourceTitle "EXT 2019"]
[Source "ChessBase"]
[SourceDate "2018.10.10"]
[SourceVersion "1"]
[SourceVersionDate "2018.10.10"]
[SourceQuality "1"]

1. d4 Nf6 2. Bf4 b6 3. e3 Bb7 4. h3 d6 5. Nf3 g6 6. Be2 Bg7 7. 0-0 0-0 8. a4 Nbd7 9. c3 Nd5 10. Bh2 e5 11. a5 Rb8 12. axb6 axb6 13. Qb3 Ra8 14. Na3 e4 15. Nd2 N7f6 16. Nb5 Qd7 17. Rfd1 Ne7 18. c4 Nf5 19. Rxa8 Rxa8 20. c5 Bd5 21. Qc2 Bc6 22. Nc3 d5 23. b4 Bb7 24. Nb3 Ne8 25. b5 Qd8 26. Qb2 Ne7 27. Ra1 c6 28. Rxa8 Bxa8 29. cxb6 cxb5 30. Qa3 Bc6 31. Qc5 1-0

[Event "SUI-chT"]
[Site "Switzerland"]
[Date "2017.10.15"]
[Round "9.4"]
[White "Moor, Olivier"]
[Black "Maier, Christian"]
[Result "1-0"]
[WhiteElo "2313"]
[BlackElo "2394"]
[PlyCount "83"]
[EventDate "2017.03.19"]
[EventType "team-swiss"]
[EventRounds "9"]
[EventCountry "SUI"]
[SourceTitle "EXT 2019"]
[Source "ChessBase"]
[SourceDate "2018.10.10"]
[SourceVersion "1"]
[SourceVersionDate "2018.10.10"]
[SourceQuality "1"]
[WhiteTeam "Wollishofen"]
[BlackTeam "Reti"]
[WhiteTeamCountry "SUI"]
[BlackTeamCountry "SUI"]

1. d4 Nf6 2. c4 c5 3. d5 e5 4. Nc3 Bd6 5. Nf3 0-0 6. g3 Re8 7. Bg2 Bc7 8. 0-0 Ba5 9. Qc2 d6 10. Nh4 Bxc3 11. Qxc3 Nbd7 12. Qc2 Nf8 13. e4 h6 14. Bd2 b6 15. a4 Rb8 16. a5 Ng6 17. Nf5 Bxf5 18. exf5 Nf8 19. axb6 axb6 20. h3 Rb7 21. Ra6 N8d7 22. Rfa1 e4 23. Bf4 Ne5 24. b3 Nd3 25. Qd2 Qd7 26. Ra8 Rbb8 27. Rxb8 Rxb8 28. Bxe4 Nxf4 29. Qxf4 Re8 30. Bf3 Re5 31. g4 b5 32. Kg2 b4 33. Ra6 Qe7 34. Rc6 Kh7 35. h4 Qa7 36. g5 Qa1 37. gxf6 Re1 38. Kh2 Qb2 39. Qg3 Qxf6 40. Rxd6 Qxf5 41. Rd8 Qf6 42. Ra8 1-0

[Event "SUI-chT"]
[Site "Switzerland"]
[Date "2017.09.02"]
[Round "6.5"]
[White "Georgiadis, Ioannis"]
[Black "Moor, Olivier"]
[Result "1/2-1/2"]
[WhiteElo "2495"]
[BlackElo "2313"]
[PlyCount "105"]
[EventDate "2017.03.19"]
[EventType "team-swiss"]
[EventRounds "9"]
[EventCountry "SUI"]
[SourceTitle "EXT 2018"]
[Source "ChessBase"]
[SourceDate "2017.10.13"]
[SourceVersion "1"]
[SourceVersionDate "2017.10.13"]
[SourceQuality "1"]
[WhiteTeam "Riehen"]
[BlackTeam "Wollishofen"]
[WhiteTeamCountry "SUI"]
[BlackTeamCountry "SUI"]

1. e4 e5 2. Nf3 Nc6 3. Bb5 a6 4. Ba4 Nf6 5. Qe2 b5 6. Bb3 Bc5 7. c3 d6 8. 0-0 0-0 9. Rd1 Re8 10. d3 h6 11. h3 Bb6 12. Nbd2 Nh5 13. Nf1 Qf6 14. N3h2 Qg6 15. Qf3 Be6 16. Kh1 Bxb3 17. axb3 Na5 18. g4 Nf6 19. b4 Nb3 20. Ra3 Nxc1 21. Rxc1 d5 22. Ng3 Qg5 23. Re1 dxe4 24. dxe4 Qd2 25. Qe2 Red8 26. Nf3 Qxe2 27. Rxe2 Rd1+ 28. Kg2 Nd7 29. Nf5 f6 30. Re1 Rxe1 31. Nxe1 Kf7 32. Nd3 a5 33. bxa5 Rxa5 34. Rxa5 Bxa5 35. h4 Nf8 36. b4 Bb6 37. f4 exf4 38. Nxf4 g6 39. Nd4 Bxd4 40. cxd4 g5 41. hxg5 hxg5 42. Nd3 Ne6 43. d5 Nf8 44. Kf3 Nd7 45. Ke3 Ke7 46. Kd4 Kd6 47. Nf2 Ne5 48. Nd1 Nxg4 49. Nc3 c6 50. dxc6 Kxc6 51. Nd5 Kd6 52. Nc3 Kc6 53. Nd5 1/2-1/2

[Event "Zuerich op-A 40th"]
[Site "Zuerich"]
[Date "2016.12.29"]
[Round "5"]
[White "Cvitan, Ognjen"]
[Black "Moor, Olivier"]
[Result "0-1"]
[WhiteElo "2491"]
[BlackElo "2309"]
[PlyCount "106"]
[EventDate "2016.12.26"]
[EventType "swiss"]
[EventRounds "7"]
[EventCountry "SUI"]
[SourceTitle "CBM 176 Extra"]
[Source "ChessBase"]
[SourceDate "2017.03.02"]
[SourceVersion "1"]
[SourceVersionDate "2017.03.02"]
[SourceQuality "1"]

1. c4 e6 2. Nc3 Bb4 3. Qb3 a5 4. a3 Bxc3 5. Qxc3 Nf6 6. d4 d6 7. Bg5 h6 8. Bh4 Nbd7 9. e3 b6 10. f3 Bb7 11. Bd3 e5 12. Bf5 g5 13. Bg3 e4 14. f4 Nh5 15. Nh3 Ndf6 16. fxg5 hxg5 17. 0-0 g4 18. Nf4 Nxg3 19. hxg3 Rh6 20. d5 Qe7 21. a4 Bc8 22. Bxc8 Rxc8 23. Ne2 Nd7 24. Rf4 Ne5 25. Nd4 Qg5 26. Nf5 Rh7 27. Raf1 Kd7 28. Rxe4 Rch8 29. Nd4 Rh1+ 30. Kf2 Rxf1+ 31. Kxf1 Qg6 32. Qc2 Nxc4 33. Kf2 Re8 34. Rxe8 Qxc2+ 35. Nxc2 Kxe8 36. b3 Nd2 37. Nd4 Ne4+ 38. Ke2 Nc3+ 39. Kd3 Nxd5 40. Ke4 Nc3+ 41. Kf4 c5 42. Nf5 Kd7 43. e4 b5 44. axb5 Nxb5 45. Ke3 Na7 46. Kd3 Nc6 47. Kc4 Ke6 48. Nh6 Nd4 49. Nxg4 Ne2 50. Kd3 Nxg3 51. Ne3 Nh5 52. Ke2 Nf4+ 53. Kf3 Nd3 0-1

[Event "Zuerich op-A 40th"]
[Site "Zuerich"]
[Date "2016.12.27"]
[Round "2"]
[White "Moor, Olivier"]
[Black "Abasov, Nijat Azad"]
[Result "0-1"]
[WhiteElo "2309"]
[BlackElo "2561"]
[PlyCount "38"]
[EventDate "2016.12.26"]
[EventType "swiss"]
[EventRounds "7"]
[EventCountry "SUI"]
[SourceTitle "CBM 176 Extra"]
[Source "ChessBase"]
[SourceDate "2017.03.02"]
[SourceVersion "1"]
[SourceVersionDate "2017.03.02"]
[SourceQuality "1"]

1. d4 Nf6 2. c4 e6 3. Nf3 b6 4. a3 Bb7 5. Nc3 d5 6. Bg5 Be7 7. Rc1 0-0 8. e3 Nbd7 9. Bd3 c5 10. 0-0 h6 11. Bh4 cxd4 12. Nxd4 Ne5 13. Bxf6 Bxf6 14. cxd5 Nxd3 15. Qxd3 Bxd5 16. Rfd1 Bb7 17. Ne4 Bxd4 18. Qxd4 Qxd4 19. Rxd4 e5 0-1

[Event "SUI-chT"]
[Site "Switzerland"]
[Date "2016.06.12"]
[Round "5.5"]
[White "Vogt, Lothar"]
[Black "Moor, Olivier"]
[Result "1/2-1/2"]
[WhiteElo "2398"]
[BlackElo "2323"]
[PlyCount "67"]
[EventDate "2016.03.20"]
[EventType "team-tourn"]
[EventRounds "9"]
[EventCountry "SUI"]
[SourceTitle "EXT 2017"]
[Source "ChessBase"]
[SourceDate "2016.10.25"]
[SourceVersion "1"]
[SourceVersionDate "2016.10.25"]
[SourceQuality "1"]
[WhiteTeam "Zuerich"]
[BlackTeam "Wollishofen"]
[WhiteTeamCountry "SUI"]
[BlackTeamCountry "SUI"]

1. e4 e6 2. d4 d5 3. Nc3 Bb4 4. e5 c5 5. a3 Bxc3+ 6. bxc3 Ne7 7. Qg4 Kf8 8. Bd3 Qa5 9. Bd2 Qa4 10. c4 dxc4 11. dxc5 Nd7 12. Nf3 Nxc5 13. Qxc4 Qxc4 14. Bxc4 b6 15. 0-0 Bd7 16. Nd4 Nc6 17. Nxc6 Bxc6 18. Rfe1 Ba4 19. Bd3 Nxd3 20. cxd3 Ke7 21. Re4 Bc6 22. Bb4+ Ke8 23. Rg4 Rg8 24. Rc1 Rc8 25. Rh4 Kd7 26. Rf4 f5 27. exf6 gxf6 28. Rxf6 Rxg2+ 29. Kf1 Rg7 30. Rc4 Bg2+ 31. Ke2 Rxc4 32. dxc4 Bh3 33. Bf8 Rg1 34. Bb4 1/2-1/2

[Event "SUI-chT"]
[Site "Switzerland"]
[Date "2016.05.22"]
[Round "3.5"]
[White "Moor, Olivier"]
[Black "Atlas, Valeri"]
[Result "1/2-1/2"]
[WhiteElo "2323"]
[BlackElo "2456"]
[PlyCount "72"]
[EventDate "2016.03.20"]
[EventType "team-tourn"]
[EventRounds "9"]
[EventCountry "SUI"]
[SourceTitle "EXT 2017"]
[Source "ChessBase"]
[SourceDate "2016.10.25"]
[SourceVersion "1"]
[SourceVersionDate "2016.10.25"]
[SourceQuality "1"]
[WhiteTeam "Wollishofen"]
[BlackTeam "Luzern"]
[WhiteTeamCountry "SUI"]
[BlackTeamCountry "SUI"]

1. d4 Nf6 2. c4 c5 3. d5 e5 4. Nc3 d6 5. e4 Nbd7 6. g3 Be7 7. h4 0-0 8. Bh3 b5 9. cxb5 a6 10. bxa6 Bxa6 11. Bf1 c4 12. Nf3 Nc5 13. Nd2 Qc7 14. f3 Nh5 15. Kf2 Nd3+ 16. Bxd3 cxd3 17. Kg2 g6 18. a4 f5 19. Ra3 f4 20. g4 Ng3 21. Rh2 h5 22. Nb5 Bxb5 23. axb5 Rxa3 24. bxa3 Rc8 25. Nb3 Qc4 26. b6 Qb5 27. a4 Qxb6 28. Qxd3 Rxc1 29. Nxc1 Qb2+ 30. Kh3 Qxc1 31. gxh5 Qe1 32. Qd2 Qf1+ 33. Qg2 Qa6 34. Qc2 Qf1+ 35. Qg2 Qa6 36. Qc2 Qf1+ 1/2-1/2

[Event "SUI-chT"]
[Site "Switzerland"]
[Date "2015.06.28"]
[Round "5.3"]
[White "Wyss, Jonas"]
[Black "Moor, Olivier"]
[Result "1-0"]
[WhiteElo "2279"]
[BlackElo "2330"]
[PlyCount "47"]
[EventDate "2015.03.29"]
[EventType "team-tourn"]
[EventRounds "9"]
[EventCountry "SUI"]
[SourceTitle "EXT 2016"]
[Source "ChessBase"]
[SourceDate "2015.10.08"]
[SourceVersion "1"]
[SourceVersionDate "2015.10.08"]
[SourceQuality "1"]
[WhiteTeam "Reti"]
[BlackTeam "Wollishofen"]
[WhiteTeamCountry "SUI"]
[BlackTeamCountry "SUI"]

1. e4 e6 2. d4 d5 3. Nc3 Nf6 4. e5 Nfd7 5. f4 c5 6. Nf3 Be7 7. Be3 0-0 8. dxc5 Nxc5 9. Be2 a6 10. 0-0 b5 11. a3 Bb7 12. Qe1 Qc7 13. Qg3 Nbd7 14. Rad1 Rad8 15. Nd4 Ne4 16. Nxe4 dxe4 17. f5 Qxe5 18. fxe6 Qxg3 19. hxg3 Ne5 20. Nf5 Rde8 21. Rd7 Nxd7 22. exd7 Rd8 23. Nxe7+ Kh8 24. Rd1 1-0

[Event "SUI-chT"]
[Site "Switzerland"]
[Date "2015.04.25"]
[Round "2.5"]
[White "Moor, Olivier"]
[Black "Schmidt Schaeffer, Sebastian"]
[Result "1-0"]
[WhiteElo "2330"]
[BlackElo "2368"]
[PlyCount "143"]
[EventDate "2015.03.29"]
[EventType "team-tourn"]
[EventRounds "9"]
[EventCountry "SUI"]
[SourceTitle "EXT 2016"]
[Source "ChessBase"]
[SourceDate "2015.10.08"]
[SourceVersion "1"]
[SourceVersionDate "2015.10.08"]
[SourceQuality "1"]
[WhiteTeam "Wollishofen"]
[BlackTeam "Riehen"]
[WhiteTeamCountry "SUI"]
[BlackTeamCountry "SUI"]

1. d4 f5 2. g3 Nf6 3. Bg2 e6 4. Nh3 Be7 5. 0-0 0-0 6. b3 d5 7. c4 c6 8. Ba3 Bxa3 9. Nxa3 Qe7 10. Nc2 Nbd7 11. cxd5 exd5 12. f3 a5 13. Re1 a4 14. Qd2 Re8 15. Nf4 Nf8 16. Nd3 Ng6 17. Nc5 axb3 18. axb3 Rxa1 19. Nxa1 f4 20. gxf4 Qe3+ 21. Qxe3 Rxe3 22. Nd3 Bf5 23. Nc2 Re8 24. Ncb4 b6 25. e3 c5 26. dxc5 bxc5 27. Nxc5 Nxf4 28. Nc6 Kf7 29. Nd4 Bc8 30. Bf1 Ne6 31. Ncxe6 Bxe6 32. Rc1 Bd7 33. Kf2 Ra8 34. Rc2 g5 35. b4 g4 36. Be2 gxf3 37. Bxf3 Ke7 38. b5 Kd6 39. Rb2 Rb8 40. Ke1 Kc5 41. Rc2+ Kd6 42. Ra2 Rb6 43. Be2 Ne8 44. Bd3 h6 45. Rf2 Ke7 46. Kd2 Nc7 47. Kc3 Rb8 48. Kb4 Na6+ 49. Ka5 Nc5 50. Bf5 Kd6 51. Bxd7 Ra8+ 52. Kb6 Nxd7+ 53. Kb7 Ra3 54. Rc2 Nc5+ 55. Kb8 Nd7+ 56. Kc8 Nb6+ 57. Kb7 Nc4 58. b6 Kd7 59. Rg2 Rxe3 60. Rg7+ Ke8 61. Kc7 Nxb6 62. Kxb6 Rc3 63. Rc7 Rh3 64. Rc2 Ke7 65. Kc5 Rh5 66. Rf2 Kd7 67. Nf5 Rg5 68. Kxd5 Rg6 69. Ra2 Rb6 70. Ra7+ Ke8 71. Rh7 Kf8 72. Rxh6 1-0

[Event "SUI-chT"]
[Site "Switzerland"]
[Date "2013.04.28"]
[Round "2.2"]
[White "Huebner, Robert"]
[Black "Moor, Olivier"]
[Result "1-0"]
[WhiteElo "2608"]
[BlackElo "2381"]
[PlyCount "137"]
[EventDate "2013.03.17"]
[EventType "team-tourn"]
[EventRounds "9"]
[EventCountry "SUI"]
[SourceTitle "EXT 2014"]
[Source "ChessBase"]
[SourceDate "2013.11.20"]
[SourceVersion "1"]
[SourceVersionDate "2013.11.20"]
[SourceQuality "1"]
[WhiteTeam "Luzern"]
[BlackTeam "Wollishofen"]
[WhiteTeamCountry "SUI"]
[BlackTeamCountry "SUI"]

1. e4 e5 2. Nf3 Nc6 3. Bb5 a6 4. Ba4 Nge7 5. c3 g6 6. d4 exd4 7. cxd4 b5 8. Bb3 Bg7 9. Nc3 d6 10. h3 0-0 11. 0-0 Na5 12. Bc2 c5 13. Bf4 Nc4 14. b3 Na3 15. Bd3 cxd4 16. Ne2 Qb6 17. Qd2 b4 18. Bh6 Nc6 19. Rac1 Bb7 20. Bxg7 Kxg7 21. Qf4 Nb5 22. Bxb5 Qxb5 23. Ng3 d3 24. Rfd1 Rad8 25. h4 f6 26. h5 Bc8 27. Qe3 Bg4 28. Rxd3 Bxf3 29. Rd5 Qb7 30. Qxf3 Ne5 31. Qe3 Nf7 32. Ne2 Rc8 33. Rcd1 Rfe8 34. Nf4 Rc3 35. R1d3 Rxd3 36. Qxd3 Qc8 37. g3 Qg4 38. hxg6 hxg6 39. Kg2 Ne5 40. Qe2 Qxe2 41. Nxe2 Nf7 42. Rd4 a5 43. Nf4 f5 44. exf5 gxf5 45. Rd2 Re5 46. Nd5 Kg6 47. Nb6 Rc5 48. Nc4 a4 49. Rd4 axb3 50. axb3 Kf6 51. Ne3 Rb5 52. Nc2 Ke5 53. f4+ Ke6 54. Rxb4 Rxb4 55. Nxb4 d5 56. Nc2 Nd6 57. Nd4+ Kf6 58. Kf3 Kg6 59. Ke3 Kh5 60. Ne6 Nb5 61. Nd4 Nd6 62. Ne2 Nb5 63. Kd3 Kg4 64. b4 Na3 65. Nc3 Kxg3 66. Nxd5 Nb5 67. Kc4 Nd6+ 68. Kc5 Nc8 69. b5 1-0

[Event "SUI-chT"]
[Site "Switzerland"]
[Date "2012.09.22"]
[Round "6.2"]
[White "Moor, Olivier"]
[Black "Bindrich, Falko"]
[Result "0-1"]
[WhiteElo "2378"]
[BlackElo "2542"]
[PlyCount "96"]
[EventDate "2012.03.18"]
[EventType "team-tourn"]
[EventRounds "9"]
[EventCountry "SUI"]
[SourceTitle "EXT 2013"]
[Source "ChessBase"]
[SourceDate "2012.11.22"]
[SourceVersion "1"]
[SourceVersionDate "2012.11.22"]
[SourceQuality "1"]
[WhiteTeam "Wollishofen"]
[BlackTeam "Luzern"]
[WhiteTeamCountry "SUI"]
[BlackTeamCountry "SUI"]

1. d4 Nf6 2. c4 e6 3. Nf3 d5 4. Nc3 Be7 5. Bf4 0-0 6. e3 a6 7. c5 Nh5 8. Bd3 Nxf4 9. exf4 Nc6 10. a3 Bf6 11. Bc2 a5 12. Qd3 g6 13. h4 b6 14. cxb6 Ba6 15. Qe3 cxb6 16. h5 Re8 17. Ne5 Nxe5 18. fxe5 Bg7 19. hxg6 hxg6 20. Bd3 Bxd3 21. Qxd3 Qg5 22. 0-0 Rec8 23. Rac1 Rc4 24. b3 Rc6 25. Ne2 Rac8 26. Rxc6 Rxc6 27. a4 Bh6 28. f4 Qe7 29. Qd2 Qa3 30. Rc1 Rxc1+ 31. Nxc1 Qa1 32. Kf2 Bf8 33. Ne2 Qb1 34. Qe3 Bb4 35. g3 Qc2 36. Kf1 Bd2 37. Qf3 Qb1+ 38. Kg2 Kf8 39. g4 Ke7 40. f5 gxf5 41. gxf5 Qxf5 42. Qxf5 exf5 43. Kf3 f6 44. exf6+ Kxf6 45. Nf4 Bxf4 46. Kxf4 Kg6 47. Ke5 Kg5 48. Kxd5 f4 0-1